Bases para el manejo del cultivo de maíz /

Guardado en:
Autor Principal: Eyhérabide, Guillermo H.
Autor Corporativo: Instituto Nacional de Tecnología Agropecuaria (Argentina). Estación Experimental Agropecuaria Pergamino.
Formato: Libro
Idioma:Spanish
Publicado: Buenos Aires : INTA, 2012.
Acceso en línea:Acceso a texto completo
Etiquetas: Agregar Etiqueta
Sin Etiquetas, Sea el primero en etiquetar este registro!
LEADER 01499nam a22002175a 4500
001 EEA.libagro008804
008 130809s2012####ag#a##########000#0#spa#d
005 20200830154422.0
245 0 0 |a Bases para el manejo del cultivo de maíz /  |c Guillermo H. Eyhérabide. 
260 |a Buenos Aires :  |b INTA,  |c 2012. 
300 |a 297 p. :  |b fot. col., gráf. ;  |c 28 cm. 
500 |a Programa nacional cereales. 
505 0 |a 1. Requerimientos agroclimáticos del cultivo del maíz -- 2. Ecofisiología del cultivo del maíz -- 3. Mejoramiento genético de maíz -- 4. Cultivares. Criterios para su elección -- 5. Los recursos genéticos del maíz -- 6. Enfermedades fúngicas, bacterianas y abióticas del maíz -- 7. Enfermedades causadas por virus y mollicutes en el cultivo de maíz -- 8. Biecología y control de plagas en el cultivo del maíz -- 9. Malezas: su manejo y control -- 10. Maíz para silaje -- 11. Calidad y usos del maíz -- 12. Mercado mundial y argentino del maíz 
530 |a Disponible también en línea. 
020 |a 9789876791410 
100 1 |a Eyhérabide, Guillermo H. 
710 2 |a Instituto Nacional de Tecnología Agropecuaria (Argentina).  |b Estación Experimental Agropecuaria Pergamino. 
082 0 4 |a 633.15 
856 4 1 |3 Acceso a texto completo  |u https://inta.gob.ar/sites/default/files/inta%5Fbases%5Fpara%5Fel%5Fmanejo%5Fde%5Fmaiz%5Freglon%5F100-2%5F2.pdf 
859 |a AR-BbBCA  |b BIB. AGRONOMIA  |h 633.15  |i E97  |p 2012/6132 
859 |a AR-BbBCA  |b BIB. AGRONOMIA  |h 633.15  |i E97  |p 2012/6150  |t Ej.2